Some thoughts concerning virtue and happiness : In a letter to a clergyman.

Bibliographic Details
Main Author: Nettleton, Thomas, 1683-1742
Format: eBook
Language:English
Series:Eighteenth century collections online.
Online Access:Full text online

MARC

Tag First Indicator Second Indicator Subfields
LEADER 00000cam a2200000 4500
001 in00001990643
006 m | d |
007 cr |n||||||||n
008 830727s1729 enk|||| s 00||||eng d
005 20260406215418.2
035 |a (CStRLIN)ESTCT90129 
040 |a Uk-ES  |c Uk-ES  |d CStRLIN  |d Thomson Gale  |d UtOrBLW 
100 1 |a Nettleton, Thomas,  |d 1683-1742. 
245 1 0 |a Some thoughts concerning virtue and happiness :  |b In a letter to a clergyman. 
264 3 |a London :  |b printed for Jer. Batley,  |c 1729. 
300 |a viii,112p. ;  |c 8⁰. 
336 |a text  |b txt  |2 rdacontent 
337 |a computer  |b c  |2 rdamedia 
338 |a online resource  |b cr  |2 rdacarrier 
500 |a Anonymous. By Thomas Nettleton. 
500 |a Reproduction of original from the British Library. 
510 4 |a English Short Title Catalog,  |c ESTCT90129. 
533 |a Electronic reproduction.  |b Farmington Hills, Mich. :  |c Thomson Gale,  |d 2003.  |n Available via the World Wide Web.  |n Access limited by licensing agreements  |7 s2003 miunns 
500 |a Electronic resource. 
830 0 |a Eighteenth century collections online. 
856 4 0 |u http://proxy.library.tamu.edu/login?url=https://galenet.galegroup.com/servlet/ECCO?c=1&stp=Author&ste=11&af=BN&ae=T090129&tiPG=1&dd=0&dc=flc&docNum=CW117570083&vrsn=1.0&srchtp=a&d4=0.33&n=10&SU=0LRF&locID=txshracd2898  |z Full text online  |t 0 
999 |a MARS 
999 f f |s 9e7dbbd5-a6e3-31d0-bbbd-cb326c9af0e7  |i 14ebacb2-5bc7-3ebe-9793-593eb6105d04  |t 0 
952 f f |a Texas A&M University  |b College Station  |c Electronic Resources  |s www_evans  |d Available Online  |t 0  |h No information provided 
998 f f |t 0  |l Available Online